Norwich City Squad 2016–17 Championship Season - Statistics

General Stats
  • This quiz has been taken 10 times
  • The average score is 26 of 30
Answer Stats
Answer % Correct
Alexander Tettey
100%
Alex Neil
100%
Ivo Pinto
100%
Jacob Murphy
100%
James Maddison
100%
Jonny Howson
100%
Josh Murphy
100%
Kyle Lafferty
100%
Michael McGovern
100%
Robbie Brady
100%
Steven Naismith
100%
Steven Whittaker
100%
Timm Klose
100%
Wes Hoolahan
100%
Cameron Jerome
83%
Graham Dorrans
83%
John Ruddy
83%
Martin Olsson
83%
Mitchell Dijks
83%
Russell Martin
83%
Sébastien Bassong
83%
Alan Irvine
67%
Alex Pritchard
67%
Ben Godfrey
67%
Louis Thompson
67%
Nélson Oliveira
67%
Yanic Wildschut
67%
Youssouf Mulumbu
67%
Ryan Bennett
50%
Sergi Canós
50%
No matching quizzes found
Score Distribution
Percent of People with Each Score
Percentile by Number Answered
Your Score History
You have not taken this quiz